000 00572nam a2200205Ia 4500
005 20250508161809.0
008 008 250505s9999 xx 000 0 hin d
037 _aTextual
040 _aFEDL
_beng
_cFEDL
041 _ahin
_2eng
084 _aFH, SIN
_qFEDL
100 _aSinghal Madan Gopal
245 0 _aHamari balikayen
260 _aMeerut, India
_bBharatiya Sahitya Prakashan
_c1956
300 _a79p.
365 _aINR
_b1
546 _aAcc. No. 062029 was earlier Accessioned in 016406
942 _cTEXL
_hFH, SIN
999 _c1372266
_d1372266